[Event "Madrid ch Veteranos 2223"]
[Site "Madrid ESP"]
[Date "2023.04.28"]
[Round "9.16"]
[White "Montero Montero, Juan Jose"]
[Black "Ruiz Quevedo, Andres"]
[Result "0-1"]
[WhiteElo "1678"]
[BlackElo "1827"]
[PlyCount "90"]
[EventDate "2023.04.17"]
[EventType "swiss"]
[EventRounds "9"]
[EventCountry "ESP"]
[SourceTitle "Ajedrez en Madrid"]
[Source "lmi"]
[SourceDate "2023.04.17"]
[SourceVersion "1"]
[SourceVersionDate "2023.05.22"]
[SourceQuality "1"]

1. e4 c5 2. Nf3 d6 3. Bb5+ Nd7 4. O-O Ngf6 5. Bd3 e6 6. c4 Be7 7. Nc3 O-O 8.
Bc2 a6 9. d4 cxd4 10. Qxd4 Qc7 11. Bd3 b6 12. h3 Bb7 13. Re1 Rfd8 14. Bf1 Ne5
15. Nxe5 dxe5 16. Qe3 Rd4 17. Qf3 Bb4 18. a3 Bxc3 19. Qxc3 Nxe4 20. Qe3 Rad8
21. b3 f6 22. Bb2 R4d6 23. Bc3 Qc6 24. Bb4 R6d7 25. f3 Ng3 26. Be2 Nxe2+ 27.
Qxe2 Rd3 28. Red1 Qd7 29. Rxd3 Qxd3 30. Qxd3 Rxd3 31. Rb1 e4 32. fxe4 Bxe4 33.
Be1 Kf7 34. Rb2 Rd1 35. Kf2 Bxg2 36. Bd2 Bxh3 37. Be3 Rd6 38. c5 bxc5 39. Bxc5
Rc6 40. b4 e5 41. Rd2 Be6 42. Ke3 g5 43. Rh2 Kg6 44. Bf8 h5 45. Bc5 h4 0-1

[Event "Madrid ch Veteranos 2223"]
[Site "Madrid ESP"]
[Date "2023.04.28"]
[Round "9.18"]
[White "Jimenez Jimenez, Jose Luis"]
[Black "Camarero Izquierdo, Juan Carlos"]
[Result "0-1"]
[WhiteElo "1737"]
[BlackElo "1680"]
[PlyCount "100"]
[EventDate "2023.04.17"]
[EventType "swiss"]
[EventRounds "9"]
[EventCountry "ESP"]
[SourceTitle "Ajedrez en Madrid"]
[Source "lmi"]
[SourceDate "2023.04.17"]
[SourceVersion "1"]
[SourceVersionDate "2023.05.22"]
[SourceQuality "1"]

1. e4 c5 2. Nf3 d6 3. d4 cxd4 4. Nxd4 Nf6 5. Bc4 e6 6. Nc3 a6 7. a4 Qc7 8. Bb3
Nbd7 9. O-O Nc5 10. Qe2 Nxb3 11. Nxb3 Bd7 12. Be3 Be7 13. a5 O-O 14. Bb6 Qc8
15. Rfd1 Bc6 16. f4 Nd7 17. Bd4 e5 18. Be3 f5 19. Nd5 Bxd5 20. exd5 Bf6 21. c3
Qe8 22. Qf2 Rc8 23. fxe5 Bxe5 24. Ra4 Qh5 25. Qf3 Qxh2+ 26. Kf2 f4 27. Bd4
Bxd4+ 28. Nxd4 Qh4+ 29. Ke2 Rce8+ 30. Kd2 Re3 31. Qf1 Nc5 32. Ra3 Qg4 33. Kc1
Rfe8 34. b4 Nd3+ 35. Kc2 Nxb4+ 36. Kb2 Nxd5 37. Nc2 R3e5 38. Rd4 Ne3 39. Nxe3
Rxe3 40. Qc4+ Kh8 41. Rxf4 Qxg2+ 42. Kb3 d5 43. Qd4 R3e4 44. Rxe4 dxe4 45. Ra1
e3 46. Re1 e2 47. Qd7 Qe4 48. c4 h6 49. Kb2 Re5 50. Rg1 Re7 0-1

[Event "Madrid ch Veteranos 2223"]
[Site "Madrid ESP"]
[Date "2023.04.28"]
[Round "9.19"]
[White "Menendez Domens, Juan Manuel"]
[Black "Perez Pascual, Arturo"]
[Result "1-0"]
[WhiteElo "1460"]
[BlackElo "1622"]
[PlyCount "97"]
[EventDate "2023.04.17"]
[EventType "swiss"]
[EventRounds "9"]
[EventCountry "ESP"]
[SourceTitle "Ajedrez en Madrid"]
[Source "lmi"]
[SourceDate "2023.04.17"]
[SourceVersion "1"]
[SourceVersionDate "2023.05.22"]
[SourceQuality "1"]

1. d4 d5 2. Nf3 Nf6 3. e3 Bf5 4. Bd3 Bg6 5. Ne5 Bxd3 6. Qxd3 c6 7. Nc3 e6 8. a3
Nbd7 9. Nf3 Bd6 10. O-O O-O 11. Re1 c5 12. e4 dxe4 13. Nxe4 Nxe4 14. Qxe4 Nf6
15. Qxb7 cxd4 16. Bg5 h6 17. Bh4 g5 18. Bg3 Bxg3 19. hxg3 Qd6 20. Ne5 Qc5 21.
Qf3 Kg7 22. Qxf6+ Kxf6 23. Nd7+ Ke7 24. Nxc5 a5 25. Nb3 d3 26. cxd3 Rfb8 27.
Nd4 Rxb2 28. Rab1 Rd2 29. Rb3 Rc8 30. Nf5+ Kf8 31. Nxh6 Rcc2 32. Ng4 Ra2 33.
Rf1 Kg7 34. Ne5 a4 35. Rc3 Rdb2 36. Nf3 f6 37. g4 Kg6 38. d4 Kf7 39. Rd3 Ke7
40. Ne1 Rb3 41. Rxb3 axb3 42. Nd3 Rd2 43. Nc5 b2 44. Rb1 Rc2 45. Nb3 Kd6 46.
Kh2 Kd5 47. a4 Kc4 48. Na1 Kc3 49. Nxc2 1-0

[Event "Madrid ch Veteranos 2223"]
[Site "Madrid ESP"]
[Date "2023.04.28"]
[Round "9.20"]
[White "Villares Galiano, Luis"]
[Black "Lopez Guitian, Juan J."]
[Result "1-0"]
[WhiteElo "1887"]
[BlackElo "1518"]
[PlyCount "47"]
[EventDate "2023.04.17"]
[EventType "swiss"]
[EventRounds "9"]
[EventCountry "ESP"]
[SourceTitle "Ajedrez en Madrid"]
[Source "lmi"]
[SourceDate "2023.04.17"]
[SourceVersion "1"]
[SourceVersionDate "2023.05.22"]
[SourceQuality "1"]

1. Nf3 Nf6 2. b3 c6 3. Bb2 d5 4. g3 Bf5 5. d3 Qd7 6. h3 h6 7. Nbd2 Na6 8. Bg2
e6 9. e3 Qd8 10. Ne5 Bd6 11. Qe2 Qc7 12. f4 Qe7 13. O-O Ba3 14. Bxa3 Qxa3 15.
Ndf3 Qb2 16. Qd2 Qa3 17. Kh2 Qd6 18. Rad1 Rd8 19. c3 Nc5 20. b4 Ncd7 21. Qb2
Nxe5 22. fxe5 Qc7 23. exf6 gxf6 24. Nh4 1-0

[Event "Madrid ch Veteranos 2223"]
[Site "Madrid ESP"]
[Date "2023.04.28"]
[Round "9.21"]
[White "Balsera Gomez, Antonio"]
[Black "Villodre Miranda, Juan Alonso"]
[Result "1-0"]
[WhiteElo "1718"]
[BlackElo "1537"]
[PlyCount "91"]
[EventDate "2023.04.17"]
[EventType "swiss"]
[EventRounds "9"]
[EventCountry "ESP"]
[SourceTitle "Ajedrez en Madrid"]
[Source "lmi"]
[SourceDate "2023.04.17"]
[SourceVersion "1"]
[SourceVersionDate "2023.05.22"]
[SourceQuality "1"]

1. d4 d5 2. Nf3 c6 3. e3 g6 4. Be2 Bg7 5. b3 Nf6 6. O-O O-O 7. Bb2 Bf5 8. Nbd2
Ne4 9. Nxe4 Bxe4 10. Nd2 Bf5 11. Rc1 Nd7 12. Nf3 h6 13. Bd3 Bxd3 14. Qxd3 Re8
15. Ne5 Nxe5 16. dxe5 e6 17. Rfd1 Qc7 18. f4 Kh7 19. c4 dxc4 20. Rxc4 Rad8 21.
Rd4 Rxd4 22. Qxd4 c5 23. Qd7 Re7 24. Qxc7 Rxc7 25. Kf2 g5 26. g4 Kg6 27. Kf3 c4
28. bxc4 Rxc4 29. Rd7 f5 30. gxf5+ exf5 31. Rxb7 g4+ 32. Kg3 Ra4 33. a3 Bf8 34.
Rb3 Bc5 35. Rc3 Ra5 36. h3 h5 37. hxg4 fxg4 38. e4 Rb5 39. Bc1 Kf7 40. f5 Rb8
41. f6 Bb6 42. Kh4 Ba5 43. Rd3 Be1+ 44. Kxh5 g3 45. Rd7+ Ke6 46. Re7# 1-0

[Event "Madrid ch Veteranos 2223"]
[Site "Madrid ESP"]
[Date "2023.04.28"]
[Round "9.22"]
[White "Marcos Medina, Alejandro"]
[Black "Siddiqie, Kausar Iqbal"]
[Result "1-0"]
[WhiteElo "1692"]
[BlackElo "1265"]
[PlyCount "111"]
[EventDate "2023.04.17"]
[EventType "swiss"]
[EventRounds "9"]
[EventCountry "ESP"]
[SourceTitle "Ajedrez en Madrid"]
[Source "lmi"]
[SourceDate "2023.04.17"]
[SourceVersion "1"]
[SourceVersionDate "2023.05.22"]
[SourceQuality "1"]

1. d4 e6 2. Nf3 d5 3. e3 Nf6 4. Bd3 c5 5. c3 cxd4 6. cxd4 Nc6 7. a3 Qa5+ 8.
Nbd2 Bd7 9. O-O Be7 10. Qe2 Rc8 11. Ne5 Qb6 12. b4 a6 13. Nb3 Bd6 14. Bb2 Na7
15. Nxd7 Nxd7 16. e4 dxe4 17. Bxe4 Nf6 18. d5 e5 19. Bf5 Rc7 20. Bd4 Qb5 21.
Bd3 Qxd5 22. Bxa7 Qxb3 23. Bb8 O-O 24. Bxc7 Bxc7 25. Rfc1 Nd5 26. Qf3 f5 27.
Bc4 Qxf3 28. gxf3 Rd8 29. Rd1 Kf8 30. Rxd5 b5 31. Rxd8+ Bxd8 32. Be6 g6 33. Bc8
a5 34. Bd7 axb4 35. axb4 Bf6 36. Bxb5 e4 37. Ra8+ Kg7 38. Ra7+ Kh6 39. Bc6 Bg7
40. f4 g5 41. fxg5+ Kg6 42. h4 f4 43. h5+ Kxg5 44. Rxg7+ Kxh5 45. Bd5 e3 46.
fxe3 fxe3 47. Kg2 Kh6 48. Rg3 Kh5 49. Kf3 Kh4 50. Rg4+ Kh5 51. Bf7+ Kh6 52. Be6
Kh5 53. Kxe3 h6 54. Rg2 Kh4 55. Kf4 h5 56. Rh2# 1-0

[Event "Madrid ch Veteranos 2223"]
[Site "Madrid ESP"]
[Date "2023.04.28"]
[Round "9.24"]
[White "Alberdi Garcia, Carlos Alfonso"]
[Black "Jimenez Ascarza, Jose Ignacio"]
[Result "0-1"]
[WhiteElo "1699"]
[BlackElo "1534"]
[PlyCount "154"]
[EventDate "2023.04.17"]
[EventType "swiss"]
[EventRounds "9"]
[EventCountry "ESP"]
[SourceTitle "Ajedrez en Madrid"]
[Source "lmi"]
[SourceDate "2023.04.17"]
[SourceVersion "1"]
[SourceVersionDate "2023.05.22"]
[SourceQuality "1"]

1. d4 Nf6 2. Nc3 d5 3. Bf4 c6 4. e3 g6 5. h4 h5 6. Qd2 Bf5 7. O-O-O Bg7 8. Bd3
Bxd3 9. Qxd3 b5 10. f3 b4 11. Nce2 Qa5 12. Kb1 O-O 13. Nh3 Nbd7 14. Nf2 c5 15.
dxc5 Nxc5 16. Qd2 Rfc8 17. Nd4 Nfd7 18. Nb3 Nxb3 19. cxb3 e5 20. Bg3 Rc5 21.
Nd3 Rb5 22. Be1 Rab8 23. Rc1 e4 24. fxe4 dxe4 25. Nxb4 Ne5 26. Nc6 Nxc6 27.
Rxc6 Qxd2 28. Bxd2 Rd5 29. Bc3 Rd3 30. Bxg7 Kxg7 31. Re1 Rbd8 32. Re2 R8d5 33.
Kc2 Rd1 34. Rc5 f5 35. Rc7+ Rd7 36. Rxd7+ Rxd7 37. Kc3 Rd3+ 38. Kc4 Kf6 39. Kb5
Ke5 40. Ka6 Rd7 41. g3 Rg7 42. b4 g5 43. b5 gxh4 44. gxh4 f4 45. exf4+ Kxf4 46.
a4 Kf3 47. Rc2 e3 48. Rc6 e2 49. Re6 Kf2 50. Rf6+ Kg3 51. Re6 Kf2 52. Rxe2+
Kxe2 53. a5 Kf3 54. b6 axb6 55. axb6 Kg4 56. b7 Rg6+ 57. Ka5 Rg8 58. b4 Kxh4
59. Ka6 Kg4 60. Ka7 h4 61. b8=Q Rxb8 62. Kxb8 h3 63. b5 h2 64. b6 h1=Q 65. b7
Kf5 66. Kc7 Qc1+ 67. Kd8 Qb2 68. Kc7 Qc3+ 69. Kb6 Qd4+ 70. Kc7 Qc5+ 71. Kd7 Qb6
72. Kc8 Qc6+ 73. Kb8 Ke6 74. Ka7 Qc7 75. Ka8 Qa5+ 76. Kb8 Kd6 77. Kc8 Qc7# 0-1

[Event "Madrid ch Veteranos 2223"]
[Site "Madrid ESP"]
[Date "2023.04.28"]
[Round "9.25"]
[White "Carrera Cabaneros, Francisco"]
[Black "Perez Fajardo, Daniel"]
[Result "1-0"]
[WhiteElo "1684"]
[BlackElo "1495"]
[PlyCount "65"]
[EventDate "2023.04.17"]
[EventType "swiss"]
[EventRounds "9"]
[EventCountry "ESP"]
[SourceTitle "Ajedrez en Madrid"]
[Source "lmi"]
[SourceDate "2023.04.17"]
[SourceVersion "1"]
[SourceVersionDate "2023.05.22"]
[SourceQuality "1"]

1. d4 d5 2. c4 e6 3. Nf3 Nf6 4. Bg5 Be7 5. e3 O-O 6. Nc3 c6 7. Bd3 Nbd7 8. O-O
b6 9. Rc1 Bb7 10. Re1 Re8 11. cxd5 Nxd5 12. Nxd5 exd5 13. Bf4 Rc8 14. Bf5 Ra8
15. Bg3 h6 16. a3 c5 17. dxc5 Nxc5 18. b4 Ne6 19. Nd4 Nxd4 20. Bc7 Nxf5 21.
Bxd8 Raxd8 22. Rc7 Rb8 23. Qf3 Nd6 24. Qf4 Rbd8 25. Rec1 a6 26. h3 Ba8 27. Ra7
Bb7 28. Rc7 Kf8 29. Raxb7 Nxb7 30. Rxb7 Rd6 31. g3 Rc8 32. Qe5 Re8 33. Rxe7 1-0

[Event "Madrid ch Veteranos 2223"]
[Site "Madrid ESP"]
[Date "2023.04.28"]
[Round "9.26"]
[White "Lopez Manso, Jeronimo"]
[Black "Tudela Garcia, Antonio"]
[Result "1/2-1/2"]
[WhiteElo "1358"]
[BlackElo "1572"]
[PlyCount "118"]
[EventDate "2023.04.17"]
[EventType "swiss"]
[EventRounds "9"]
[EventCountry "ESP"]
[SourceTitle "Ajedrez en Madrid"]
[Source "lmi"]
[SourceDate "2023.04.17"]
[SourceVersion "1"]
[SourceVersionDate "2023.05.22"]
[SourceQuality "1"]

1. f4 d5 2. Nf3 Nc6 3. e3 Bg4 4. Be2 Bxf3 5. Bxf3 e5 6. O-O e4 7. Be2 a6 8. a3
Nf6 9. b4 Be7 10. Bb2 d4 11. exd4 Nxd4 12. Bc4 b5 13. Ba2 c5 14. c3 Nc6 15. c4
cxb4 16. cxb5 axb5 17. axb4 O-O 18. Nc3 Nxb4 19. Qb3 Nxa2 20. Rxa2 Rxa2 21.
Nxa2 Qb6+ 22. Kh1 Rd8 23. Nc3 Rxd2 24. h3 e3 25. Re1 Qc6 26. Ne2 Nd5 27. Rc1
Qb7 28. Rc2 Rd1+ 29. Kh2 Rf1 30. Ng3 Rf2 31. Rxf2 exf2 32. Qf3 Bc5 33. Ne4 Bb6
34. Nxf2 Bc7 35. g3 Qc6 36. Qe4 Qd7 37. Qd4 f6 38. Ne4 Qc6 39. Qd3 Qc4 40. Qxc4
bxc4 41. Kg2 Ba5 42. Kf2 c3 43. Ba3 c2 44. Ke2 f5 45. Nd2 Nc3+ 46. Kd3 Nb1 47.
Bc1 Nxd2 48. Bxd2 Bb6 49. Kxc2 Bf2 50. g4 fxg4 51. hxg4 Kf7 52. Kd3 g6 53. Bc3
Ke6 54. Ke4 Bc5 55. g5 Bf8 56. Bd4 Bd6 57. Bf6 Bc5 58. Bd4 Bd6 59. Ba1 Bc5
1/2-1/2

[Event "Madrid ch Veteranos 2223"]
[Site "Madrid ESP"]
[Date "2023.04.28"]
[Round "9.27"]
[White "Prieto Gonzalez, Cesar"]
[Black "Ramos Antona, Enrique"]
[Result "1-0"]
[WhiteElo "1608"]
[BlackElo "1500"]
[PlyCount "111"]
[EventDate "2023.04.17"]
[EventType "swiss"]
[EventRounds "9"]
[EventCountry "ESP"]
[SourceTitle "Ajedrez en Madrid"]
[Source "lmi"]
[SourceDate "2023.04.17"]
[SourceVersion "1"]
[SourceVersionDate "2023.05.22"]
[SourceQuality "1"]

1. Nf3 Nf6 2. b3 e6 3. Bb2 Be7 4. Nc3 d5 5. d3 d4 6. Nb1 c5 7. Qd2 O-O 8. g3 b6
9. Bg2 Bb7 10. O-O Nbd7 11. e4 dxe3 12. Qxe3 Nd5 13. Qe2 Bf6 14. d4 Qc7 15. c4
Ne7 16. Nbd2 cxd4 17. Bxd4 Bxd4 18. Nxd4 Bxg2 19. Kxg2 Rad8 20. N2f3 h6 21.
Rad1 a6 22. Kg1 Rfe8 23. Rd2 Nc6 24. Nxc6 Qxc6 25. Rfd1 Qc7 26. Rd6 Nf6 27. Qd3
Rxd6 28. Qxd6 Qxd6 29. Rxd6 Rc8 30. Nd2 Kf8 31. f3 Ke7 32. Rd3 Rd8 33. Rxd8
Kxd8 34. Kf2 Kd7 35. Ke3 Kd6 36. Ne4+ Nxe4 37. Kxe4 f5+ 38. Ke3 e5 39. b4 g5
40. h4 b5 41. c5+ Kd5 42. h5 Ke6 43. g4 e4 44. gxf5+ Kxf5 45. fxe4+ Ke5 46. Kf3
Ke6 47. Kg4 Ke5 48. Kf3 Ke6 49. Ke3 Ke5 50. Kd3 Ke6 51. Kd4 g4 52. Ke3 Ke5 53.
Kf2 a5 54. a3 axb4 55. axb4 Ke6 56. Kg3 1-0

[Event "Madrid ch Veteranos 2223"]
[Site "Madrid ESP"]
[Date "2023.04.28"]
[Round "9.29"]
[White "Diaz Begonte, Manuel"]
[Black "Benito Mellado, Humberto"]
[Result "1-0"]
[WhiteElo "1536"]
[BlackElo "1449"]
[PlyCount "103"]
[EventDate "2023.04.17"]
[EventType "swiss"]
[EventRounds "9"]
[EventCountry "ESP"]
[SourceTitle "Ajedrez en Madrid"]
[Source "lmi"]
[SourceDate "2023.04.17"]
[SourceVersion "1"]
[SourceVersionDate "2023.05.22"]
[SourceQuality "1"]

1. e4 c5 2. d4 cxd4 3. c3 dxc3 4. Nxc3 a6 5. Nf3 d6 6. Bc4 e6 7. O-O Nc6 8. Qe2
b5 9. Bb3 Na5 10. Bc2 Bb7 11. Rd1 Qc7 12. Bf4 b4 13. Na4 Nf6 14. Rac1 Rc8 15.
e5 Nd5 16. Bg3 Be7 17. exd6 Bxd6 18. Bxd6 Qxd6 19. Ng5 Qf4 20. Ne4 Rc4 21. b3
Nc3 22. Naxc3 Rxc3 23. Nxc3 bxc3 24. Qe3 Qg4 25. Qg3 Qxg3 26. hxg3 O-O 27. Rd7
Bd5 28. Bd3 Nc6 29. Rxc3 Nb4 30. Bb1 Ra8 31. Rcc7 e5 32. a3 Be6 33. Rd2 Nd5 34.
Be4 Nxc7 35. Bxa8 g6 36. b4 Nxa8 37. Rd8+ Kg7 38. Rxa8 Bc4 39. f3 f5 40. Ra7+
Kf6 41. Rxh7 e4 42. Kf2 Ke5 43. Ke3 g5 44. f4+ gxf4+ 45. gxf4+ Kf6 46. Rh6+ Kf7
47. Kd4 Bd3 48. Rh3 Bf1 49. Rg3 Kf6 50. Rg5 Ke6 51. g4 Bh3 52. Rxf5 1-0